000 00547nam a2200193 i 4500
001 86920
003 ES-MaACL
005 20230906175542.0
007 t|
008 041216s1970 sp ||||1| spa d
100 1 _aKolosimo, Peter.
_968530
245 1 0 _aPsicología del erotismo /
_cPeter Kolosimo ; [traducción de Juan Moreno].
250 _a[1ª ed.].
260 _a[Barcelona] :
_bPlaza Janés,
_c[1970]
300 _a397 p. ;
_c22 cm.
700 1 _aMoreno, Juan.
_9182367
852 _aES-MaACL
_jC-44741
_bR.73118
999 _c86920
_d86920